000 00296nam a22001337a 4500
008 170601b xxu||||| |||| 00| 0 eng d
020 _a088029554
041 _aeng
080 _a94
100 _a17
101 _aSHH
245 _aTHE PYRAMIDS AN ENIGMA SOLVED
_cDAVIDOVITS,J
942 _2udc
_cBK
999 _c15262
_d15262